| 000 | 00862nam a2200205 a 4500 | ||
|---|---|---|---|
| 008 | 100201s1994 ||||||||||||||||| || u | ||
| 020 | _a929081103X | ||
| 050 | _aCTA)02) | ||
| 100 | _aPutter, A | ||
| 245 | 1 | 0 |
_aSafeguarding the genetic basis of Africa's traditional crops: proceedings of a CTA/IBPGR/KARI/UNEP seminar, 5-9 October 1992, Nairobi, Kenya. _cedited by A. Putter |
| 260 |
_aNetherlands: _bCTA _c1994 |
||
| 300 | _axl, 211p.: ill. | ||
| 350 | _a0.00 | ||
| 650 | _aYAMS | ||
| 650 | _aCROPS--GERMPLASM RESOURCES--AFRICA | ||
| 650 | _aCROPS--GENETIC ENGINEERING | ||
| 650 | _aAGRICULTURE--INFORMATION SOURCES | ||
| 710 | _aTechnical Centre for Agricultural and Rural Cooperation (CTA) | ||
| 995 |
_D0.00 _FCBU-MAIN LIBRARY (Kitwe) _H1 _I0.00 _M1 _UAVAILABLE _WFeb 1, 2010 _ZInternational Publications |
||
| 999 |
_c56893 _d56893 |
||